Citizen Jane : the turbulent life of Jane Fouda

Bibliographic Details
Main Author: Andersen, Christopher
Format: Book
Published: London : W.H.Allen , 1990
Subjects:

MARC

LEADER 00000cam a2200000 7i4500
001 0000005363
002 000005794
005 20000330.0
020 |a 1852273534 
090 0 0 |a 920   |b AND 
100 1 |a Andersen, Christopher 
245 1 0 |a Citizen Jane :   |b the turbulent life of Jane Fouda   |c Christopher Andersen 
260 |a London :   |b W.H.Allen ,   |c 1990 
300 |a 300p. ;   |c 24cm. 
600 0 0 |a Forida, Jane   |y 1937   |x Biography 
650 0 0 |a Aerobic instructor   |x Biography 
999 |a 032815   |b BUKU   |c PINJAMAN   |e PERPUSTAKAAN KOMUNITI PETALING JAYA 
999 |a 032816   |b BUKU   |c PINJAMAN   |e PERPUSTAKAAN KOMUNITI PETALING JAYA